000 00304nam a2200121Ia 4500
008 191201s2018 xx 000 0 und d
100 _aKUMAR, N Senthil
245 0 _aMicroprocessors and Interfacing 8086,8051,8096
260 _bOxford
_c2018
300 _a815
650 _aB.Tech(CSE)
942 _2ddc
_cBK
999 _c7022
_d7022